000 01445nam0a2200337 4500
001 RU\NLR\bibl\1215370
005 20250615105918.0
010 _a978-5-88247-326-5
_9500
021 _aRU
_b2008-10390
_9573
035 _a(NLR Aleph) 001201756
090 _a1778208
_c1778208
100 _a20080416d2007 |||y0rusy50 ca
101 0 _arus
102 _aRU
105 _aa |||||||||
200 1 _aКонкурентный потенциал организации
_fМерзликина О.В., Толстых Т.Н.
_gФедер. агентство по образованию, Гос. образоват. учреждение высш. проф. образования "Липец. гос. техн. ун-т"
210 _aЛипецк
_cЛГТУ
_d2007
215 _a97 с.
_cил.
_d21
320 _aБиблиогр.: с. 75-77 (33 назв.)
606 1 _aФирмы
_xКонкурентоспособность
_92272387
_3RU\NLR\auth\661361924
606 1 _aКонкурентоспособность
_yТамбовская область
_92517405
_3RU\NLR\auth\661491966
686 _aУ5-13
686 _aУ9(2)-13(2Р-4Т)
700 1 _aМерзликина
_bО. В.
_gОльга Вячеславовна
_4070
701 1 _aТолстых
_bТ. Н.
_gТатьяна Николаевна
_4070
801 0 _aRU
_bNLR
_c20080416
_gRCR
801 1 _aRU
_bNLR
_c20080416
942 _cBOOK
980 _aNB
980 _aNBR